| 000 | 00000nam 2200000zi 4500 |
| 001 | 9.560982 |
| 003 | CaOODSP |
| 005 | 20221219103130 |
| 007 | cr ||||||||||| |
| 008 | 150406s2006 xxc|||||o f|0| 0 eng d |
| 022 | |a1701-9397 |
| 040 | |aCaOODSP|beng |
| 043 | |an-cn--- |
| 086 | 1 |aFB3-2/106-27E-PDF |
| 100 | 1 |aDiez de los Rios, Antonio, |eauthor. |
| 245 | 10|aCan affine term structure models help us predict exchange rates? / |cby Antonio Diez de los Rios. |
| 264 | 1|bBank of Canada, |cAugust 2006. |
| 300 | |a1 online resource (1 volume (50 pages)) : |breferences, tables. |
| 336 | |atext|btxt|2rdacontent |
| 337 | |acomputer|bc|2rdamedia |
| 338 | |aonline resource|bcr|2rdacarrier |
| 490 | 1 |aBank of Canada working paper, |x1701-9397 ; |v2006-27 |
| 520 | 3 |aThis working paper is part of a series that examines a range of economic and financial issues of interest to bankers, economists and policymakers. |
| 546 | |aRésumé en français. |
| 590 | |a06-33|b2006-08-18 |
| 690 | 07|aExchange rates|2gcpds |
| 710 | 1 |aCanada.|bBank of Canada, |eissuing body. |
| 776 | 0#|tCan affine term structure models help us predict exchange rates? / |w(CaOODSP)9.617976 |
| 830 | #0|aWorking paper (Bank of Canada)|x1701-9397|v2006-27|w(CaOODSP)9.504604 |
| 856 | 40|ahttp://publications.gc.ca|qPDF|s332 KB|uhttps://publications.gc.ca/collections/Collection/FB3-2-106-27E.pdf|y2006-27 |